| 000 | 00544fam a2200181 a 4500 | ||
|---|---|---|---|
| 020 | _a0070518149 : | ||
| 082 | 0 | 0 |
_a690.11 _bRAM _cL-39, P-174 |
| 100 | 1 |
_aRamsey, Dan, _945273 |
|
| 245 | 1 | 0 |
_aBuilder's guide to foundations & floor framing / _cby Dan Ramsey. |
| 260 |
_aBlue Ridge Summit, PA : _bMcGraw-Hill, _c1995. |
||
| 300 |
_ax, 294 p. : _bill. ; _c24 cm. |
||
| 500 | _aIncludes index. | ||
| 526 |
_a0 _b0 _c0 _d690_110000000000000_RAM |
||
| 650 | 0 |
_aFloors. _945274 |
|
| 650 | 0 |
_aFoundations. _9892 |
|
| 650 | 0 |
_aMCE _9379 |
|
| 942 |
_2ddc _cBK |
||
| 999 |
_c548836 _d548836 |
||